| 000 | 00718nam a22002297a 4500 | ||
|---|---|---|---|
| 999 |
_c14241 _d14241 |
||
| 003 | AR-CdUCM | ||
| 008 | 190422b ||||| |||| 00| 0 spa d | ||
| 040 |
_aMUNICIPALIDAD PROVINCIAL DEL CUSCO _cBIBLIOTECA MUNICIPAL DEL CUSCO |
||
| 082 |
_a301.1 / _bIN52 |
||
| 110 |
_aCIDAD _932936 |
||
| 245 | _aInformativo urbano / | ||
| 260 |
_aLima : _bCIDAD, _c1984. |
||
| 300 |
_a66 páginas ; _c23 cm. |
||
| 440 |
_aAño 4 numero _n2 _932937 |
||
| 505 | _aContenido : Tensiones en Cusco -- Algunos indicadores económicos -- Documentos ... | ||
| 650 |
_aSociedad _953 |
||
| 650 |
_aActualidad _932938 |
||
| 650 |
_aCusco _9772 |
||
| 700 |
_aArnilla, Federico _932939 |
||
| 942 |
_2ddc _cFOLLETOS |
||
| 945 |
_arah _d22/04/2019 |
||